000 00194 a2200097 4500
001 4907
100 _aButler,P
245 _aSelf defence complete
260 _a
_bFaber
_c
090 _c4096
_d4096
942 _aNUST-CAE
_cM
_c30374
999 _c239980
_d239980